[Event "GER-chT U12"]
[Site "Verden"]
[Date "2005.12.30"]
[Round "7.2"]
[White "Wilhelm, Robin"]
[Black "Zrenner, Maximilian"]
[Result "1-0"]
[WhiteElo "1008"]
[BlackElo "1224"]
[PlyCount "167"]
[EventDate "2005.12.27"]
[EventType "team-swiss"]
[EventRounds "7"]
[EventCountry "GER"]
[SourceTitle "CBM 110 Extra"]
[Source "ChessBase"]
[SourceDate "2006.03.10"]
[SourceVersion "2"]
[SourceVersionDate "2006.03.10"]
[SourceQuality "1"]

1. e4 c5 2. Bc4 Nc6 3. d3 Nf6 4. Nc3 e6 5. Bg5 Be7 6. Nf3 0-0 7. h3 a6 8. Qd2 b5 9. Bb3 b4 10. Ne2 d5 11. e5 Nd7 12. Bxe7 Qxe7 13. Qf4 f6 14. exf6 Rxf6 15. Qc7 Nd8 16. Ba4 Rf7 17. Bxd7 Qxd7 18. Qxc5 Qb5 19. Qxb5 axb5 20. Ned4 Bd7 21. 0-0 Rf6 22. Rfe1 Nf7 23. Ne5 Nxe5 24. Rxe5 Re8 25. c3 bxc3 26. bxc3 Ref8 27. f3 Rg6 28. Rc1 Rf4 29. Kf2 Rf8 30. c4 bxc4 31. dxc4 dxc4 32. Rxc4 Ra8 33. Rc2 Ra4 34. Ne2 Kf7 35. Nc3 Rc4 36. Re4 Rc8 37. Re3 Ba4 38. Rc1 Rc5 39. Ra1 Bc6 40. a4 Ra5 41. Re2 Rgg5 42. Rea2 Rgc5 43. Ne4 Bxe4 44. fxe4 Rc4 45. Kf3 Kf6 46. h4 Ke5 47. Ra3 Rxe4 48. Re3 Rxe3+ 49. Kxe3 Kf5 50. Kf3 h5 51. Kg3 e5 52. Kf3 g6 53. Ra3 e4+ 54. Ke3 Ke5 55. g3 Kf5 56. Kd4 Ra6 57. a5 Ra7 58. a6 Ra8 59. a7 Rd8+ 60. Ke3 Ra8 61. Ra4 Kf6 62. Kxe4 Re8+ 63. Kf4 Ra8 64. Ke4 Re8+ 65. Kf3 Ra8 66. Kf4 Kg7 67. Kg5 Kf7 68. Ra6 Ke7 69. Kxg6 Rg8+ 70. Kxh5 Rh8+ 71. Kg4 Rg8+ 72. Kh3 Ra8 73. g4 Kf7 74. h5 Kg7 75. Kh4 Kh7 76. g5 Kg7 77. h6+ Kh7 78. Kh5 Kh8 79. g6 Kg8 80. h7+ Kg7 81. Kg5 Kh8 82. Kh6 Rxa7 83. g7+ Rxg7 84. Ra8+ 1-0

[Event "GER-chT U12"]
[Site "Verden"]
[Date "2005.12.29"]
[Round "6.2"]
[White "Zrenner, Maximilian"]
[Black "Nitsche Hahn, Maxim"]
[Result "1-0"]
[WhiteElo "1224"]
[BlackElo "1431"]
[PlyCount "97"]
[EventDate "2005.12.27"]
[EventType "team-swiss"]
[EventRounds "7"]
[EventCountry "GER"]
[SourceTitle "CBM 110 Extra"]
[Source "ChessBase"]
[SourceDate "2006.03.10"]
[SourceVersion "2"]
[SourceVersionDate "2006.03.10"]
[SourceQuality "1"]

1. e4 c5 2. Nf3 Nc6 3. d4 cxd4 4. Nxd4 g6 5. Nc3 Bg7 6. Be3 Nf6 7. Be2 0-0 8. 0-0 b6 9. f4 Nxd4 10. Bxd4 d6 11. e5 dxe5 12. Bxe5 Qxd1 13. Raxd1 Bf5 14. Rd2 Rad8 15. Rfd1 Rxd2 16. Rxd2 Ne4 17. Nxe4 Bxe5 18. fxe5 Bxe4 19. c3 Bc6 20. Bf3 Bb5 21. b3 Rc8 22. c4 Be8 23. Bg4 e6 24. Rd3 Kf8 25. Rf3 Ke7 26. Rd3 Rd8 27. Rxd8 Kxd8 28. Bf3 Kc7 29. Kf2 Kd7 30. Ke3 Ke7 31. Kf4 Kf8 32. Kg5 Kg7 33. Bb7 h6+ 34. Kf4 Kf8 35. Ke4 Ke7 36. Kd4 Kd7 37. b4 Kc7 38. Be4 Bc6 39. Bxc6 Kxc6 40. Kc3 a6 41. a4 h5 42. b5+ Kb7 43. Kd4 a5 44. h4 Kc7 45. c5 Kb7 46. cxb6 Kxb6 47. Kc4 g5 48. hxg5 Kc7 49. Kc5 1-0

[Event "GER-chT U12"]
[Site "Verden"]
[Date "2005.12.27"]
[Round "2.2"]
[White "Schlemmer, Martin"]
[Black "Zrenner, Maximilian"]
[Result "0-1"]
[WhiteElo "1206"]
[BlackElo "1224"]
[PlyCount "76"]
[EventDate "2005.12.27"]
[EventType "team-swiss"]
[EventRounds "7"]
[EventCountry "GER"]
[SourceTitle "CBM 110 Extra"]
[Source "ChessBase"]
[SourceDate "2006.03.10"]
[SourceVersion "2"]
[SourceVersionDate "2006.03.10"]
[SourceQuality "1"]

1. e4 c5 2. Nf3 Nc6 3. d4 cxd4 4. Nxd4 Nf6 5. Nc3 e5 6. Nxc6 bxc6 7. Bg5 Be7 8. Bc4 0-0 9. Bxf6 Bxf6 10. 0-0 Qe7 11. Rb1 Bb7 12. Qf3 Rad8 13. Rfd1 Qc5 14. Bb3 Bg5 15. Qf5 Qe7 16. Rd3 Ba6 17. Rh3 g6 18. Qf3 Bf6 19. Re1 Bg7 20. Qe3 d6 21. g3 Bc8 22. g4 Bxg4 23. Rg3 Qh4 24. f3 Bh6 25. Qf2 Bh5 26. Qf1 Kh8 27. Qh3 Qxh3 28. Rxh3 f5 29. Rf1 fxe4 30. Nxe4 d5 31. Nc5 Be3+ 32. Kg2 Bxc5 33. c3 e4 34. fxe4 Rxf1 35. Kxf1 Rf8+ 36. Ke1 dxe4 37. Bc2 Bf2+ 38. Kf1 e3 0-1

[Event "Nuremberg LGA Cup 2nd"]
[Site "Nuremberg"]
[Date "2005.09.11"]
[Round "7.71"]
[White "Kulok, Solomon"]
[Black "Zrenner, Maximilian"]
[Result "0-1"]
[WhiteElo "1132"]
[BlackElo "1229"]
[PlyCount "90"]
[EventDate "2005.09.08"]
[EventType "swiss"]
[EventRounds "7"]
[EventCountry "GER"]
[SourceTitle "EXT 2022"]
[Source "ChessBase"]
[SourceDate "2021.10.06"]
[SourceVersion "1"]
[SourceVersionDate "2021.10.06"]
[SourceQuality "1"]

1. e4 c5 2. Nc3 Nc6 3. g3 g6 4. Bg2 Bg7 5. f4 d6 6. Nf3 Bg4 7. 0-0 Nf6 8. d3 0-0 9. Be3 b6 10. h3 Bd7 11. Nh2 Ne8 12. g4 e5 13. f5 Nf6 14. g5 Ne8 15. f6 Bh8 16. Ng4 Bxg4 17. Qxg4 h6 18. h4 h5 19. Nd5 hxg4 20. Kf2 Nc7 21. Nc3 Qd7 22. Rh1 Rfd8 23. h5 Qe8 24. hxg6 fxg6 25. Rh4 Nd4 26. Rah1 Kf7 27. Rh7+ Ke6 28. Re7+ Qxe7 29. fxe7 Kxe7 30. Rh7+ Ke6 31. Rxc7 Rd7 32. Rxd7 Kxd7 33. Bxd4 exd4 34. Nd5 Be5 35. Bf1 Rf8+ 36. Kg2 g3 37. Kg1 Rf2 38. Bh3+ Ke8 39. Nc7+ Kf8 40. Nb5 a6 41. Na3 Ke7 42. Bc8 a5 43. Ba6 Bf4 44. Nc4 Be3 45. Nxb6 Rxc2+ 0-1

[Event "Mittelfranken Mitte-ch 0405"]
[Site "Zirndorf"]
[Date "2005.??.??"]
[Round "3"]
[White "Baur, Stephan"]
[Black "Zrenner, Maximilian"]
[Result "1/2-1/2"]
[WhiteElo "1382"]
[BlackElo "1150"]
[PlyCount "75"]
[EventDate "2005.01.02"]
[EventType "swiss"]
[EventRounds "7"]
[EventCountry "GER"]
[SourceTitle "EXT 2015"]
[Source "ChessBase"]
[SourceDate "2014.11.20"]
[SourceVersion "1"]
[SourceVersionDate "2014.11.20"]
[SourceQuality "1"]

1. e4 e5 2. d4 exd4 3. c3 dxc3 4. Bc4 Bb4 5. Bxf7+ Kxf7 6. Qb3+ Ke8 7. Qxb4 b6 8. Qxc3 Nf6 9. Ne2 Bb7 10. Ng3 d6 11. 0-0 Nbd7 12. Nd2 c5 13. f4 Qc7 14. b4 Qc6 15. Bb2 d5 16. a3 dxe4 17. Ndxe4 Rg8 18. Qd2 Nxe4 19. Nxe4 Nf6 20. Nd6+ Kf8 21. Nxb7 Qxb7 22. Rae1 Kf7 23. f5 Rad8 24. Qc1 g6 25. fxg6+ Rxg6 26. Qc2 Rdg8 27. Rxf6+ Rxf6 28. Bxf6 Kxf6 29. Qf2+ Kg7 30. Qg3+ Kh8 31. Qe5+ Qg7 32. Qxg7+ Rxg7 33. Re8+ Rg8 34. Re7 Ra8 35. bxc5 bxc5 36. Rc7 Rb8 37. Rxc5 Rb1+ 38. Kf2 1/2-1/2

[Event "Nuremberg Zabo op 06th"]
[Site "Nuremberg"]
[Date "2004.09.24"]
[Round "1"]
[White "Zrenner, Maximilian"]
[Black "Thuerauf, Peter"]
[Result "0-1"]
[WhiteElo "1072"]
[BlackElo "1848"]
[PlyCount "120"]
[EventDate "2004.09.24"]
[EventType "swiss"]
[EventRounds "5"]
[EventCountry "GER"]
[SourceTitle "EXT 2012"]
[Source "ChessBase"]
[SourceDate "2011.11.24"]
[SourceVersion "1"]
[SourceVersionDate "2011.11.24"]
[SourceQuality "1"]

1. e4 c5 2. Nf3 Nc6 3. b3 Nf6 4. Bb2 Nxe4 5. d3 Nf6 6. Nbd2 d6 7. Be2 e6 8. 0-0 Be7 9. a4 0-0 10. Nc4 d5 11. Nce5 Nd7 12. Nxc6 bxc6 13. Ne5 Nxe5 14. Bxe5 f6 15. Bg3 e5 16. c4 Bf5 17. f4 e4 18. dxe4 Bxe4 19. Bf3 f5 20. Qe2 Bf6 21. Rad1 Re8 22. Qf2 Bd4 23. Rxd4 cxd4 24. Qxd4 Bxf3 25. Rxf3 Re4 26. Qc3 dxc4 27. bxc4 Qd4+ 28. Qxd4 Rxd4 29. Rc3 Rad8 30. h3 Rd3 31. Rxd3 Rxd3 32. Bf2 Rd1+ 33. Kh2 a6 34. Kg3 Ra1 35. Kh4 Rxa4 36. Kg5 g6 37. c5 Kf7 38. g3 Ra2 39. Be1 Re2 40. Bb4 Rh2 41. Kh4 h5 42. Bc3 Ra2 43. Kg5 a5 44. g4 fxg4 45. hxg4 hxg4 46. Kxg4 a4 47. f5 gxf5+ 48. Kxf5 Re2 49. Bb4 Ke7 50. Kf4 Kd7 51. Kf3 Re8 52. Kf4 Kc7 53. Kf5 Kb7 54. Kf6 Ka6 55. Kf7 Re2 56. Kf6 Kb5 57. Bc3 Kxc5 58. Be5 a3 59. Ke6 a2 60. Kf5 Rxe5+ 0-1

[Event "Nuremberg-ch op 04th"]
[Site "Nuremberg"]
[Date "2004.05.22"]
[Round "2"]
[White "Zrenner, Maximilian"]
[Black "Zuschlag, Joerg"]
[Result "0-1"]
[WhiteElo "900"]
[BlackElo "1643"]
[PlyCount "80"]
[EventDate "2004.05.21"]
[EventType "swiss"]
[EventRounds "5"]
[EventCountry "GER"]
[SourceTitle "EXT 2006"]
[Source "ChessBase"]
[SourceDate "2005.11.24"]
[SourceVersion "1"]
[SourceVersionDate "2005.11.24"]
[SourceQuality "1"]

1. e4 e6 2. Nf3 b6 3. d4 Bb7 4. Bd3 c5 5. c3 cxd4 6. cxd4 d5 7. e5 Nc6 8. Nc3 a6 9. a3 b5 10. 0-0 h6 11. b4 Nge7 12. Be3 Nc8 13. Rb1 Nb6 14. Qc1 Nc4 15. h3 Na7 16. Rb3 Nc8 17. Nd2 N8b6 18. Ne2 Nxe3 19. fxe3 Nc4 20. e4 Qg5 21. Nf4 Rc8 22. Qe1 Nxd2 23. Qxd2 dxe4 24. Bb1 Be7 25. Qe2 0-0 26. Bxe4 Bxe4 27. Qxe4 Rc4 28. Ne2 Rfc8 29. Rg3 Qd2 30. Qf3 Rf8 31. Qh5 Bg5 32. h4 Be3+ 33. Kh1 Bxd4 34. Nxd4 Rxd4 35. Rgf3 Rd7 36. Rg3 Kh7 37. Qg4 g6 38. Rd1 Qxd1+ 39. Qxd1 Rxd1+ 40. Kh2 Re1 0-1